000 00736nam a22001817a 4500
003 UA-OsUOA
001 19438
007 ta
008 20040818b un ||||| |||| 00| 0 ukr d
100 _aПащук і.
942 _cSA
040 _aUA-OsUOA
_cUA-OsUOA
_dUA-OsUOA
245 _aВидання костопільського краєзнавця
_b[Про краєзнавця з Костополя А.Карп'юка , якому в 2004 р. було присуджено регіон. краєзн. премію "За відродження Волині"
300 _aС.4
955 _a0
773 0 _w0
_tВісті Рівненщини
_dРівне
_d2004
_g№74/75/13 серп./
650 7 _aКарп'юк А.
_2UDC
999 _c305609
_d305609